[Event "FLORIPA CHESS OPEN 2015"]
[Site "Florianopolis/SC"]
[Date "2015.01.15"]
[Round "4"]
[Board "24"]
[White "Rapouso, Ricardo Luis Borba"]
[Black "Abdalla, Luiz Guilherme Aurell"]
[Result "1/2-1/2"]
[WhiteElo "1922"]
[BlackElo "2304"]
[PlyCount "55"]
[EventDate "2015.01.14"]
[EventRounds "10"]
[EventCountry "BRA"]

1. d4 Nf6 2. c4 g6 3. Nc3 d5 4. cxd5 Nxd5 5. e4 Nxc3 6. bxc3 Bg7 7. Nf3 O-O 8.
Ba3 b6 9. Bc4 Bb7 10. O-O c5 11. Ng5 Nc6 12. Qg4 Na5 13. Qh4 h6 14. Nxf7 Rxf7
15. Bxf7+ Kxf7 16. Rad1 cxd4 17. cxd4 e5 18. Qxd8 Rxd8 19. dxe5 Rxd1 20. Rxd1
Bxe5 21. Rd7+ Ke6 22. Re7+ Kf6 23. f3 Bd4+ 24. Kh1 g5 25. Rh7 Bc8 26. Bf8 Be3
27. Bg7+ Ke7 28. Bxh6+ 1/2-1/2

[Event "FLORIPA CHESS OPEN 2015"]
[Site "Florianopolis/SC"]
[Date "2015.01.15"]
[Round "4"]
[Board "26"]
[White "Villalba, Marcelo"]
[Black "Ribeiro, Regina"]
[Result "1-0"]
[WhiteElo "2201"]
[BlackElo "1967"]
[PlyCount "73"]
[EventDate "2015.01.14"]
[EventRounds "10"]
[EventCountry "BRA"]

1. e4 e6 2. Qe2 d5 3. d3 Nf6 4. Nd2 Be7 5. g3 dxe4 6. dxe4 e5 7. Ngf3 Nc6 8.
Bg2 O-O 9. O-O Re8 10. h3 Bf8 11. c3 a5 12. Rd1 Qe7 13. Nc4 g6 14. b3 b5 15.
Ne3 Ba6 16. Nd5 Nxd5 17. exd5 b4 18. c4 e4 19. dxc6 exf3 20. Qxe7 Bxe7 21. Bxf3
Bf6 22. Rb1 Bc8 23. g4 a4 24. Bf4 axb3 25. axb3 Ra7 26. Bd2 Be7 27. Re1 Be6 28.
Bf4 g5 29. Bg3 Kf8 30. Re5 Ra3 31. Rb5 Bxc4 32. bxc4 Rxf3 33. Bxc7 Rc8 34. Be5
f6 35. c7 Ra3 36. Rb8 Ra8 37. Ra1 1-0

[Event "FLORIPA CHESS OPEN 2015"]
[Site "Florianopolis/SC"]
[Date "2015.01.15"]
[Round "4"]
[Board "27"]
[White "Lisboa Torres, Eduardo"]
[Black "Born, Carlos Rodrigo"]
[Result "0-1"]
[WhiteElo "1917"]
[BlackElo "2199"]
[PlyCount "104"]
[EventDate "2015.01.14"]
[EventRounds "10"]
[EventCountry "BRA"]

1. d4 Nf6 2. c4 g6 3. Nc3 d5 4. Bf4 Bg7 5. e3 O-O 6. Qb3 dxc4 7. Qxc4 c6 8. Bd3
Na6 9. Rd1 Be6 10. Qa4 Nc7 11. h3 Ncd5 12. Bh2 Qb6 13. Qa3 Rfd8 14. Nf3 Nb4 15.
Bb1 Bc4 16. Ne5 Ba6 17. Nd3 Bxd3 18. Bxd3 c5 19. dxc5 Qxc5 20. Bb1 Rxd1+ 21.
Nxd1 Nc2+ 22. Bxc2 Qxc2 23. O-O Ne4 24. Qxe7 Bf6 25. Qc7 Rc8 26. Qxb7 Rd8 27.
Qb3 Qe2 28. Nc3 Bxc3 29. bxc3 Nd2 30. Rd1 Nf3+ 31. gxf3 Rxd1+ 32. Kg2 Qf1+ 33.
Kg3 Qd3 34. Qb8+ Qd8 35. Qxd8+ Rxd8 36. Kg2 Rd5 37. a3 f6 38. Bb8 a6 39. f4 Kf7
40. Kf3 Ke6 41. Bc7 Rh5 42. Kg4 Rc5 43. Bb6 Rb5 44. Bd8 f5+ 45. Kf3 Kd7 46. c4
Rb3 47. Ba5 Rxa3 48. Bb6 a5 49. c5 a4 50. Ke2 Rb3 51. Kd2 a3 52. Kc2 a2 0-1

[Event "FLORIPA CHESS OPEN 2015"]
[Site "Florianopolis/SC"]
[Date "2015.01.15"]
[Round "4"]
[Board "29"]
[White "Barbisan Junior, Sergio"]
[Black "Paniagua Chnelik, Sebastian"]
[Result "0-1"]
[WhiteElo "1886"]
[BlackElo "2197"]
[PlyCount "72"]
[EventDate "2015.01.14"]
[EventRounds "10"]
[EventCountry "BRA"]

1. Nf3 d5 2. d4 Nf6 3. g3 e6 4. Bg2 Be7 5. O-O O-O 6. Re1 c5 7. c3 Nc6 8. b3
Ne4 9. Bb2 f6 10. Nbd2 Nxd2 11. Nxd2 e5 12. e3 Be6 13. Rc1 cxd4 14. exd4 e4 15.
Nf1 f5 16. f3 Qd7 17. Rc2 Bd6 18. f4 Rac8 19. Ne3 g5 20. Rf1 gxf4 21. gxf4 Qc7
22. Rcf2 Ne7 23. Bh3 Ng6 24. Ng2 Qg7 25. Qh5 e3 26. Rf3 e2 27. Re1 Nxf4 28.
Rxf4 Bxf4 29. Rxe2 Rf6 30. Kh1 Bd6 31. Qf3 Qg5 32. Ne3 Qf4 33. Rf2 Qxf3+ 34.
Rxf3 f4 35. Bxe6+ Rxe6 36. Nxd5 Re2 0-1

[Event "FLORIPA CHESS OPEN 2015"]
[Site "Florianopolis/SC"]
[Date "2015.01.15"]
[Round "4"]
[Board "30"]
[White "Crespo De Oliveira, Lucas"]
[Black "Gauche, Eduardo"]
[Result "1/2-1/2"]
[WhiteElo "2194"]
[BlackElo "1961"]
[PlyCount "45"]
[EventDate "2015.01.14"]
[EventRounds "10"]
[EventCountry "BRA"]

1. e4 c6 2. d4 d5 3. e5 Bf5 4. Nd2 e6 5. Nb3 Nd7 6. Nf3 Be7 7. Be2 h5 8. O-O g5
9. Bd3 Nh6 10. a4 Bxd3 11. Qxd3 Nf5 12. a5 a6 13. Be3 g4 14. Nfd2 Bg5 15. Bxg5
Qxg5 16. c4 O-O-O 17. cxd5 exd5 18. Rae1 Rde8 19. Re2 Ng7 20. f4 Qf5 21. Qe3
Re6 22. Nb1 Rhe8 23. Nc3 1/2-1/2

[Event "FLORIPA CHESS OPEN 2015"]
[Site "Florianopolis/SC"]
[Date "2015.01.15"]
[Round "4"]
[Board "31"]
[White "Reis, Nicolas Rodrigues Dos"]
[Black "Madeira, Wagner Martins"]
[Result "1-0"]
[WhiteElo "1870"]
[BlackElo "2191"]
[PlyCount "111"]
[EventDate "2015.01.14"]
[EventRounds "10"]
[EventCountry "BRA"]

1. d4 Nf6 2. Nf3 g6 3. c4 Bg7 4. Nc3 O-O 5. e4 d6 6. Be2 e5 7. O-O Nc6 8. d5
Ne7 9. Ne1 Ne8 10. Nd3 f5 11. f3 f4 12. g4 fxg3 13. hxg3 Qd7 14. Kf2 Nf6 15.
Rh1 c6 16. Kg2 cxd5 17. cxd5 b5 18. Be3 a5 19. a4 b4 20. Nb5 Ba6 21. Rc1 Rfc8
22. Qd2 Rab8 23. Nf2 h5 24. Nh3 Nh7 25. Rxc8+ Bxc8 26. Nf2 Nf6 27. Qc2 Ba6 28.
Bd3 Ne8 29. Rc1 Kh7 30. Qd2 Rc8 31. Rxc8 Nxc8 32. Qc1 Bb7 33. b3 Bf6 34. Nh3
Kg8 35. Bf2 Bd8 36. f4 Bf6 37. fxe5 Bxe5 38. Nd4 Qg4 39. Ne6 Bxg3 40. Bxg3 h4
41. Qg5 Qxg3+ 42. Qxg3 hxg3 43. Nd8 Ba8 44. Nf4 Kg7 45. Kxg3 Nb6 46. Nfe6+ Kf6
47. Kf4 Ng7 48. Nc7 Nh5+ 49. Ke3 g5 50. Nxa8 Nxa8 51. Nc6 g4 52. Nxa5 g3 53.
Bf1 Nb6 54. Nc6 Nd7 55. Nxb4 Nc5 56. a5 1-0

[Event "FLORIPA CHESS OPEN 2015"]
[Site "Florianopolis/SC"]
[Date "2015.01.15"]
[Round "4"]
[Board "32"]
[White "Abrantes, Tiago Garrido"]
[Black "Maia, Jonathan Cesar"]
[Result "1-0"]
[WhiteElo "2147"]
[BlackElo "1922"]
[PlyCount "100"]
[EventDate "2015.01.14"]
[EventRounds "10"]
[EventCountry "BRA"]

1. c4 Nf6 2. g3 c5 3. Bg2 g6 4. Nc3 Bg7 5. e3 O-O 6. Nge2 Nc6 7. O-O d6 8. d4
a6 9. d5 Ne5 10. b3 Rb8 11. a4 Ne8 12. f4 Nd7 13. Rb1 Nc7 14. a5 b6 15. axb6
Nxb6 16. Qc2 e6 17. e4 e5 18. f5 g5 19. Bf3 f6 20. Bh5 Bd7 21. g4 Be8 22. Ng3
Bxh5 23. Nxh5 Kf7 24. Ra1 Qc8 25. Bd2 Rh8 26. Kg2 h6 27. Ne2 Bf8 28. Ba5 Qb7
29. Rfb1 Qa7 30. Ra3 Be7 31. Qa2 Nba8 32. Bd2 Rb7 33. Rh1 Qb8 34. Qc2 Nb6 35.
Qd3 Qe8 36. Rha1 Qb8 37. Ba5 Nba8 38. Nc1 Rc8 39. Qh3 Rh8 40. R1a2 Nb6 41. Nd3
Nba8 42. Ra1 Nb6 43. Ng3 Kg7 44. Qh5 Qe8 45. Bd2 Qxh5 46. gxh5 Rhb8 47. Ne2
Nba8 48. Nec1 Nb6 49. Kf3 Nba8 50. R1a2 {IlegÃ­vel} Nb6 1-0

[Event "FLORIPA CHESS OPEN 2015"]
[Site "Florianopolis/SC"]
[Date "2015.01.15"]
[Round "4"]
[Board "34"]
[White "Queiroz, Alberto Becker"]
[Black "Takeda, Lucas Koji"]
[Result "1-0"]
[WhiteElo "2111"]
[BlackElo "1903"]
[PlyCount "59"]
[EventDate "2015.01.14"]
[EventRounds "10"]
[EventCountry "BRA"]

1. e4 c5 2. Nf3 a6 3. g3 b5 4. Bg2 Bb7 5. Qe2 e6 6. a4 b4 7. d4 cxd4 8. Nxd4 d6
9. O-O Nf6 10. a5 Nc6 11. Nxc6 Bxc6 12. Re1 Be7 13. Bd2 Qb8 14. Qc4 Qb7 15.
Qxb4 Qxb4 16. Bxb4 d5 17. Bxe7 Kxe7 18. exd5 Bxd5 19. Bf1 Rhc8 20. Na3 Rc5 21.
c4 Bf3 22. b4 Rh5 23. Re3 Bb7 24. Be2 Rf5 25. Nc2 Rd8 26. Rd1 Rxd1+ 27. Bxd1
Ne4 28. Nd4 Rxf2 29. Bf3 e5 30. Nf5+ 1-0

[Event "FLORIPA CHESS OPEN 2015"]
[Site "Florianopolis/SC"]
[Date "2015.01.15"]
[Round "4"]
[Board "35"]
[White "Pottker, Gustavo Sartori"]
[Black "Fuck, Vinicius Rios"]
[Result "1-0"]
[WhiteElo "2109"]
[BlackElo "1887"]
[PlyCount "77"]
[EventDate "2015.01.14"]
[EventRounds "10"]
[EventCountry "BRA"]

1. d4 Nf6 2. c4 e6 3. g3 d5 4. Bg2 Be7 5. Nf3 O-O 6. Qc2 c6 7. O-O Ne4 8. Nc3
f5 9. Rb1 Nd7 10. b4 b6 11. b5 Bb7 12. bxc6 Bxc6 13. cxd5 Bxd5 14. Nxd5 exd5
15. Qc6 Kh8 16. Bb2 Ndf6 17. Rbc1 Bd6 18. Ne5 Qe7 19. Rfd1 Rab8 20. Qb5 Rbc8
21. Qa6 Ra8 22. Rc6 Nd7 23. Qb7 Nxe5 24. Qxe7 Bxe7 25. dxe5 Bc5 26. Rxd5 Bxf2+
27. Kf1 Bc5 28. Rd7 Rad8 29. e6 Rxd7 30. exd7 Be7 31. Re6 Bg5 32. Re8 Rg8 33.
Bxe4 fxe4 34. Rxe4 Rf8+ 35. Ke1 Kg8 36. Rg4 Bh6 37. Be5 Rd8 38. Rd4 Bg5 39. Bc7
 1-0

[Event "FLORIPA CHESS OPEN 2015"]
[Site "Florianopolis/SC"]
[Date "2015.01.15"]
[Round "4"]
[Board "36"]
[White "Casarin, Luis Marcio Pinhatti"]
[Black "Fonseca, Luis Ernesto Serra Az"]
[Result "1-0"]
[WhiteElo "1851"]
[BlackElo "2088"]
[PlyCount "82"]
[EventDate "2015.01.14"]
[EventRounds "10"]
[EventCountry "BRA"]

1. c4 Nf6 2. Nc3 e6 3. Nf3 Bb4 4. Qc2 d5 5. e3 O-O 6. a3 Bxc3 7. Qxc3 c5 8.
cxd5 Qxd5 9. Bc4 Qh5 10. O-O Nc6 11. b4 b5 12. Be2 Bb7 13. Qxc5 Qxc5 14. bxc5
a6 15. Bb2 Nd5 16. Ne5 Na5 17. d4 f6 18. Nf3 g5 19. Nd2 f5 20. a4 b4 21. Nc4
Nxc4 22. Bxc4 a5 23. Rfe1 Nc7 24. f3 Bd5 25. Bd3 Rf7 26. e4 fxe4 27. fxe4 Bb3
28. Bc1 Rd7 29. Be3 Na6 30. Bb5 Rdd8 31. Re2 Nc7 32. Bd3 Na6 33. Bb5 Nc7 34.
Rd2 Nxb5 35. axb5 h6 36. h4 gxh4 37. Bxh6 Rd7 38. Bg5 Bc4 39. b6 Bb5 40. d5 b3
41. c6 Rg7 1-0

[Event "FLORIPA CHESS OPEN 2015"]
[Site "Florianopolis/SC"]
[Date "2015.01.15"]
[Round "4"]
[Board "37"]
[White "Zini, Jhone Marcelo"]
[Black "Almeida Junior, Alvaro Alves D"]
[Result "1-0"]
[WhiteElo "2082"]
[BlackElo "1885"]
[PlyCount "64"]
[EventDate "2015.01.14"]
[EventRounds "10"]
[EventCountry "BRA"]

1. d4 Nf6 2. Bf4 e6 3. e3 d5 4. Nd2 Be7 5. Ngf3 Nbd7 6. h3 O-O 7. Be2 b6 8. c3
Bb7 9. O-O c5 10. Qb3 Re8 11. a4 c4 12. Qc2 a6 13. b3 cxb3 14. Qxb3 Rc8 15.
Rab1 Rc6 16. c4 Bd6 17. Bxd6 Rxd6 18. Ne5 dxc4 19. Ndxc4 Bd5 20. Qb4 Bxc4 21.
Bxc4 Nb8 22. Be2 Nd5 23. Qb2 f6 24. Nc4 Rc6 25. g3 Nd7 26. e4 Ne7 27. Ne3 Qb8
28. Rfc1 Rxc1+ 29. Qxc1 Qb7 30. Bd3 Rc8 31. Qb2 b5 32. Qb3 Re8 {IlegÃ­vel} 1-0

[Event "FLORIPA CHESS OPEN 2015"]
[Site "Florianopolis/SC"]
[Date "2015.01.15"]
[Round "4"]
[Board "38"]
[White "Rippel Junior, Jair"]
[Black "Maiberg, Wellington Gubiani"]
[Result "1/2-1/2"]
[WhiteElo "2058"]
[BlackElo "1880"]
[PlyCount "43"]
[EventDate "2015.01.14"]
[EventRounds "10"]
[EventCountry "BRA"]

1. d4 Nf6 2. c4 c5 3. e3 cxd4 4. exd4 d5 5. Nc3 e6 6. Nf3 Be7 7. Bd3 Nc6 8. a3
O-O 9. O-O a6 10. c5 Qc7 11. Re1 Rd8 12. b4 b5 13. Bb2 g6 14. Qc2 Bf8 15. Ne2
Bg7 16. Ng3 Bb7 17. h4 Re8 18. h5 Rad8 19. hxg6 hxg6 20. Re2 Ne4 21. Nxe4 dxe4
22. Bxe4 1/2-1/2

[Event "FLORIPA CHESS OPEN 2015"]
[Site "Florianopolis/SC"]
[Date "2015.01.15"]
[Round "4"]
[Board "39"]
[White "Lazzarotto, Marcio"]
[Black "Farah, Daniel Landshoff"]
[Result "1/2-1/2"]
[WhiteElo "2035"]
[BlackElo "1879"]
[PlyCount "64"]
[EventDate "2015.01.14"]
[EventRounds "10"]
[EventCountry "BRA"]

1. e4 e6 2. d4 d5 3. Nd2 Nf6 4. e5 Nfd7 5. c3 c5 6. Bd3 Nc6 7. Ne2 cxd4 8. cxd4
Qb6 9. Nf3 Bb4+ 10. Bd2 Bxd2+ 11. Qxd2 Qb4 12. a3 Qxd2+ 13. Kxd2 Nb6 14. Rac1
Na5 15. Rc7 Bd7 16. Rc3 Ba4 17. Ke3 Nac4+ 18. Bxc4 Nxc4+ 19. Kf4 Bc6 20. Rb1 a5
21. Ne1 O-O 22. Kg3 Nd2 23. Rbc1 Ne4+ 24. Kf3 Nxc3 25. Nxc3 f6 26. Ke3 f5 27.
f4 Kf7 28. Nd3 Rac8 29. Nc5 Rfe8 30. Nb3 Re7 31. h4 a4 32. Nc5 Ree8 {IlegÃ­vel}
 1/2-1/2

[Event "FLORIPA CHESS OPEN 2015"]
[Site "Florianopolis/SC"]
[Date "2015.01.15"]
[Round "4"]
[Board "40"]
[White "Nunes Jr, Sidney"]
[Black "Hengles, Roberto Carlos"]
[Result "1-0"]
[WhiteElo "2034"]
[BlackElo "1860"]
[PlyCount "73"]
[EventDate "2015.01.14"]
[EventRounds "10"]
[EventCountry "BRA"]

1. e4 c5 2. Nf3 e6 3. d4 cxd4 4. Nxd4 Nc6 5. Nc3 Qc7 6. a3 a6 7. Be3 Nf6 8. g4
d6 9. g5 Nd7 10. f4 b6 11. Bg2 Bb7 12. f5 Nxd4 13. Qxd4 exf5 14. O-O Ne5 15.
exf5 Bxg2 16. Kxg2 h5 17. Qxb6 Qxb6 18. Bxb6 Rc8 19. Bd4 Rc4 20. Rad1 Be7 21.
h4 O-O 22. f6 gxf6 23. gxf6 Bd8 24. Bxe5 dxe5 25. Kh3 Re8 26. Rf5 e4 27. Rg1+
Kf8 28. Nd5 e3 29. Rxh5 Bxf6 30. Nxf6 Re6 31. Nd5 Ke8 32. Re1 e2 33. Nc3 Re3+
34. Kg2 Rc6 35. Kf2 Rh3 36. Rxe2+ Kd8 37. Kg2 1-0

[Event "FLORIPA CHESS OPEN 2015"]
[Site "Florianopolis/SC"]
[Date "2015.01.15"]
[Round "4"]
[Board "41"]
[White "Massarioli, Felipe Alvarenga"]
[Black "Lunelli, Neuri Antonio"]
[Result "1/2-1/2"]
[WhiteElo "2027"]
[BlackElo "1847"]
[PlyCount "93"]
[EventDate "2015.01.14"]
[EventRounds "10"]
[EventCountry "BRA"]

1. d4 Nf6 2. c4 d6 3. Nf3 g6 4. Nc3 Bg7 5. h3 O-O 6. e4 e5 7. d5 Nbd7 8. Bd3
Ne8 9. O-O h6 10. Nh2 f5 11. f4 exf4 12. exf5 g5 13. Nf3 Nc5 14. Bc2 Bxf5 15.
Bxf5 Rxf5 16. Qc2 Rf7 17. Bd2 a5 18. Rae1 Qd7 19. Ne4 Qf5 20. Qb1 Nxe4 21. Rxe4
Nf6 22. Re6 Qxb1 23. Rxb1 Nd7 24. Rbe1 b6 25. Bc3 Bxc3 26. bxc3 Kg7 27. Re8
Rxe8 28. Rxe8 Nf6 29. Rc8 Ne4 30. Nd4 Nc5 31. Nb5 Na6 32. Ra8 Nc5 33. Rc8 Na6
34. Ra8 Nc5 35. Rc8 Kf6 36. Nxc7 Kf5 37. Nb5 Rf6 38. Rc6 Ke5 39. Rxb6 Ne4 40.
Nd4 Nxc3 41. Nf3+ Ke4 42. a3 a4 43. Rc6 Nb1 44. Ra6 Nc3 45. Rc6 Nb1 46. Ra6 Nc3
47. Rc6 1/2-1/2

[Event "FLORIPA CHESS OPEN 2015"]
[Site "Florianopolis/SC"]
[Date "2015.01.15"]
[Round "4"]
[Board "42"]
[White "Boabaid, Jorge Alberto Duardes"]
[Black "Fonseca Rodrigues, Edson"]
[Result "0-1"]
[WhiteElo "1846"]
[BlackElo "2024"]
[PlyCount "60"]
[EventDate "2015.01.14"]
[EventRounds "10"]
[EventCountry "BRA"]

1. e4 Nf6 2. e5 Nd5 3. d4 d6 4. c4 Nb6 5. exd6 cxd6 6. Nc3 g6 7. Bd3 Bg7 8. Be3
Nc6 9. Nge2 O-O 10. a3 d5 11. c5 Nc4 12. Bxc4 dxc4 13. O-O Bf5 14. b3 Na5 15.
bxc4 Nxc4 16. Qb3 Na5 17. Qd1 Nc4 18. Qb3 Nxe3 19. fxe3 e5 20. e4 exd4 21. exf5
dxc3 22. fxg6 hxg6 23. Rad1 Qe7 24. Qc4 Rac8 25. Rd5 Rfe8 26. Nf4 Qe3+ 27. Kh1
Re4 28. Qd3 Rxf4 29. Rxf4 Qxf4 30. Qd1 c2 0-1

[Event "FLORIPA CHESS OPEN 2015"]
[Site "Florianopolis/SC"]
[Date "2015.01.15"]
[Round "4"]
[Board "43"]
[White "Carstens Dobuchak, Thiago"]
[Black "Almeida, Tiago De"]
[Result "1-0"]
[WhiteElo "1816"]
[BlackElo "2019"]
[PlyCount "111"]
[EventDate "2015.01.14"]
[EventRounds "10"]
[EventCountry "BRA"]

1. e4 c5 2. Nf3 e6 3. Nc3 Nc6 4. d4 cxd4 5. Nxd4 Nf6 6. Be3 Bb4 7. Bd3 Qa5 8.
O-O Bxc3 9. bxc3 Qxc3 10. Nb5 Qe5 11. f4 Qb8 12. Bc5 b6 13. Bd6 Qb7 14. Nc7+
Kd8 15. Ba6 Qxc7 16. Bxc7+ Kxc7 17. Bxc8 Raxc8 18. e5 Nd5 19. Rf3 Rhd8 20. c4
Nde7 21. Qd6+ Kb7 22. g4 Rc7 23. Rb1 Nc8 24. Qa3 Nd4 25. Rd3 Ne2+ 26. Kf2 Nxf4
27. Rd4 Ng6 28. Re4 d5 29. exd6 Rxd6 30. c5 Rd2+ 31. Re2 Rd4 32. cxb6 axb6 33.
h3 Nf4 34. Re3 Rc2+ 35. Kf1 Rdd2 36. Rg3 Rh2 37. Qf3+ Nd5 38. Qxf7+ Nce7 39.
Qxe6 Rh1+ 40. Rg1 Rxh3 41. Qe4 Rhh2 42. Rg3 Rhf2+ 43. Kg1 g6 44. Rd1 Rfe2 45.
Qh1 Kc7 46. Qxh7 Nf4 47. Qh8 Ned5 48. Qa1 Rxa2 49. Qd4 Rec2 50. Qg7+ Kc6 51.
Re1 Ne2+ 52. Kg2 Ndf4+ 53. Kf2 Nxg3+ 54. Kxg3 Ne2+ 55. Kh4 Kb5 56. Qxg6 1-0

[Event "FLORIPA CHESS OPEN 2015"]
[Site "Florianopolis/SC"]
[Date "2015.01.15"]
[Round "4"]
[Board "45"]
[White "Cardozo, Matheus Santos"]
[Black "Franca, Willian Bento"]
[Result "0-1"]
[WhiteElo "1816"]
[BlackElo "2008"]
[PlyCount "57"]
[EventDate "2015.01.14"]
[EventRounds "10"]
[EventCountry "BRA"]

1. d4 c5 2. d5 Nf6 3. c4 b5 4. cxb5 a6 5. bxa6 g6 6. Nf3 Bxa6 7. Nc3 d6 8. e4
Bxf1 9. Kxf1 Bg7 10. g3 O-O 11. Kg2 Nbd7 12. Re1 Qb6 13. Qc2 Ng4 14. Bf4 Rfb8
15. b3 Qb4 16. Bd2 Nde5 17. Na4 Qb7 18. Nxe5 Nxe5 19. Bc3 Qa6 20. f4 Nd3 21.
Re3 Nb4 22. Qd2 Bxc3 23. Nxc3 c4 24. bxc4 Qxc4 25. a4 Na6 26. Nb5 Nc5 27. Nd4
Rxa4 28. Rxa4 Nxa4 29. Nc6 0-1

[Event "FLORIPA CHESS OPEN 2015"]
[Site "Florianopolis/SC"]
[Date "2015.01.15"]
[Round "4"]
[Board "46"]
[White "Lopes, Marcelo Ferreira"]
[Black "Serafim Junior, Arnor"]
[Result "1-0"]
[WhiteElo "2002"]
[BlackElo "1816"]
[PlyCount "121"]
[EventDate "2015.01.14"]
[EventRounds "10"]
[EventCountry "BRA"]

1. e4 c5 2. Nf3 e6 3. d4 cxd4 4. Nxd4 Nc6 5. Be3 Qc7 6. Be2 a6 7. O-O Nf6 8.
Nxc6 bxc6 9. f3 d5 10. exd5 cxd5 11. c4 Bd6 12. g3 O-O 13. f4 Bb7 14. Nd2 Rfd8
15. Qe1 Rac8 16. Qf2 Bc5 17. Bxc5 Qxc5 18. Qxc5 Rxc5 19. b4 Rcc8 20. c5 Kf8 21.
Rfc1 d4 22. Kf2 Nd5 23. Rab1 Nc3 24. Rb2 Na4 25. Rb3 Nc3 26. Ra3 Ra8 27. Nc4
Nb5 28. Rb3 Bd5 29. a4 Nc3 30. Rbxc3 dxc3 31. Nb6 a5 32. Nxa8 axb4 33. Nb6 b3
34. Rxc3 b2 35. Bd3 Ba2 36. Bb1 Bxb1 37. c6 Be4 38. c7 Rd2+ 39. Ke3 Bb7 40. Rb3
Rc2 41. c8=Q+ Bxc8 42. Nxc8 Rxc8 43. Rxb2 Ra8 44. Ra2 Ke7 45. a5 Kd6 46. a6 Kc5
47. a7 Kb6 48. Kd4 f6 49. Ra3 Kb5 50. Rb3+ Kc6 51. Ra3 Kb5 52. g4 Kb6 53. h4 g6
54. g5 f5 55. Ke5 Kb7 56. Kxe6 Kc6 57. Kf7 Kd5 58. Ra4 Kd6 59. Kg7 Ke7 60. Kxh7
Kf7 61. Ra6 1-0

[Event "FLORIPA CHESS OPEN 2015"]
[Site "Florianopolis/SC"]
[Date "2015.01.15"]
[Round "4"]
[Board "47"]
[White "Da Silva, Jefferson Rian Ferre"]
[Black "Librelato, Kathie Goulart"]
[Result "1/2-1/2"]
[WhiteElo "2000"]
[BlackElo "1787"]
[PlyCount "142"]
[EventDate "2015.01.14"]
[EventRounds "10"]
[EventCountry "BRA"]

1. e4 e5 2. Bc4 Nf6 3. d3 Bc5 4. Nf3 Nc6 5. Bg5 h6 6. Bh4 d6 7. Nbd2 Qe7 8. c3
Bd7 9. h3 O-O 10. Bb3 b5 11. Nf1 Bb6 12. Ng3 g6 13. Qd2 Kg7 14. Ne2 Na5 15. Bc2
c6 16. g4 Bd8 17. g5 hxg5 18. Bxg5 Rh8 19. O-O-O Be6 20. Kb1 Qb7 21. b4 Rb8 22.
Rdg1 Qa6 23. bxa5 c5 24. Kc1 Qxa5 25. Nh4 Qxa2 26. Nf5+ Bxf5 27. exf5 b4 28.
Bb1 Qxb1+ 29. Kxb1 bxc3+ 30. Kc1 cxd2+ 31. Bxd2 Be7 32. fxg6 fxg6 33. f4 Kf7
34. fxe5 dxe5 35. Bc3 Bd6 36. Ng3 Rhg8 37. Re1 Ke6 38. Rhf1 Rb7 39. Re2 Rgb8
40. Rxf6+ Kxf6 41. Ne4+ Ke7 42. Kc2 Ra8 43. Rg2 Rg8 44. h4 Rbb8 45. Rg5 Ra8 46.
Bxe5 Bxe5 47. Rxe5+ Kf7 48. Nxc5 Rgc8 49. d4 Rh8 50. Re4 Rh5 51. Kb3 Rah8 52.
Rf4+ Ke7 53. Re4+ Kd8 54. Re6 R8h6 55. Ra6 Rxh4 56. Rxa7 Rh7 57. Ne6+ Kc8 58.
Ra6 Rg4 59. Kc4 Rh5 60. Nc5 g5 61. Kd5 Rg1 62. Kd6 Rh6+ 63. Ne6 Kb7 64. Ra5 g4
65. Rg5 g3 66. d5 g2 67. Rg7+ Kb6 68. Kd7 Rh2 69. Nf4 Rd1 70. Rg6+ Kb7 71. Nxg2
Rxd5+ 1/2-1/2

[Event "FLORIPA CHESS OPEN 2015"]
[Site "Florianopolis/SC"]
[Date "2015.01.15"]
[Round "4"]
[Board "48"]
[White "Salama, Andre Sasson"]
[Black "Teixeira, Guilherme Vargas"]
[Result "1-0"]
[WhiteElo "1997"]
[BlackElo "1648"]
[PlyCount "59"]
[EventDate "2015.01.14"]
[EventRounds "10"]
[EventCountry "BRA"]

1. e4 c6 2. d4 d5 3. Nc3 dxe4 4. Nxe4 Nd7 5. Bc4 Ngf6 6. Ng5 e6 7. Ne2 Nb6 8.
Bb3 Be7 9. O-O O-O 10. Qd3 c5 11. c3 e5 12. Bc2 c4 13. Qd1 exd4 14. Nxd4 g6 15.
a4 Nbd5 16. Qe2 Qc7 17. Nb5 Qc5 18. Na3 Bg4 19. Qxc4 Qxc4 20. Nxc4 Be2 21. Ne5
Bxf1 22. Kxf1 Kg7 23. Ne4 h6 24. Nxf6 Nxf6 25. Be3 a6 26. Bd4 Rad8 27. Re1 Kh7
28. Nxg6 fxg6 29. Rxe7+ Kh8 30. Rxb7 1-0

[Event "FLORIPA CHESS OPEN 2015"]
[Site "Florianopolis/SC"]
[Date "2015.01.15"]
[Round "4"]
[Board "49"]
[White "Fontoura, Alexandre Souza"]
[Black "Santos Neto, Amazonas"]
[Result "1-0"]
[WhiteElo "1990"]
[BlackElo "1634"]
[PlyCount "53"]
[EventDate "2015.01.14"]
[EventRounds "10"]
[EventCountry "BRA"]

1. d4 Nf6 2. Nf3 g6 3. Bf4 Bg7 4. e3 d6 5. c4 Nbd7 6. Nc3 O-O 7. Be2 Nh5 8. Bg5
Qe8 9. Nd5 c6 10. Nc7 Qd8 11. Nxa8 Nhf6 12. Qa4 Re8 13. Qxa7 c5 14. dxc5 Nxc5
15. Qb6 Qxb6 16. Nxb6 Bf5 17. O-O-O Nfe4 18. Bh4 Ra8 19. Nxa8 Na4 20. Nd4 Bd7
21. f3 e5 22. fxe4 exd4 23. Rxd4 f5 24. Rxd6 Bc6 25. Bf6 Bf8 26. Rxc6 bxc6 27.
c5 1-0

[Event "FLORIPA CHESS OPEN 2015"]
[Site "Florianopolis/SC"]
[Date "2015.01.15"]
[Round "4"]
[Board "50"]
[White "Pertuzatti, Daniel"]
[Black "Cisz, Isadora Bernardo"]
[Result "1-0"]
[WhiteElo "1982"]
[BlackElo "1582"]
[PlyCount "105"]
[EventDate "2015.01.14"]
[EventRounds "10"]
[EventCountry "BRA"]

1. e4 e5 2. f4 Bc5 3. Nf3 d6 4. Bc4 Nc6 5. c3 Nf6 6. d3 a6 7. Qe2 O-O 8. Be3
Bxe3 9. Qxe3 b5 10. Bb3 exf4 11. Qxf4 Ne5 12. Nxe5 dxe5 13. Qe3 Qe7 14. Nd2 Be6
15. O-O-O a5 16. h3 a4 17. Bxe6 Qxe6 18. Kb1 a3 19. b3 Qc6 20. Rc1 Rfd8 21. Nf3
Qd6 22. Rhd1 c5 23. Qg5 Nd7 24. Nh4 Qf6 25. Qg3 Ra6 26. Rf1 Qe6 27. Nf5 Qf6 28.
Rf3 Re6 29. Nd4 Qg6 30. Nxe6 Qxe6 31. Rcf1 f6 32. Qf2 c4 33. Qc2 Nc5 34. dxc4
bxc4 35. b4 Nd3 36. Qa4 Rd6 37. Rd1 Qc8 38. Qb5 Qe6 39. Rfxd3 cxd3 40. Rxd3
Rxd3 41. Qxd3 Qb6 42. Kc2 Qf2+ 43. Qd2 Qh4 44. Qe2 Qg3 45. b5 Qg6 46. Kb3 Qe8
47. Qc4+ Kf8 48. Kxa3 Qa8+ 49. Kb3 Qa7 50. Qb4+ Ke8 51. b6 Qf7+ 52. Qc4 Qf8 53.
Qc8+ 1-0

[Event "FLORIPA CHESS OPEN 2015"]
[Site "Florianopolis/SC"]
[Date "2015.01.16"]
[Round "5"]
[Board "1"]
[White "Bachmann, Axel"]
[Black "Di Berardino, Diego Rafael"]
[Result "1-0"]
[WhiteElo "2629"]
[BlackElo "2484"]
[PlyCount "111"]
[EventDate "2015.01.14"]
[EventRounds "10"]
[EventCountry "BRA"]

1. Nf3 Nf6 2. c4 e6 3. d4 b6 4. g3 Bb7 5. Bg2 Be7 6. O-O O-O 7. Nc3 Ne4 8. Bd2
Bf6 9. Ne5 Nxc3 10. Bxc3 Bxg2 11. Kxg2 c5 12. dxc5 bxc5 13. Qd6 Qb6 14. Rfd1
Qxd6 15. Rxd6 Be7 16. Rd2 d6 17. Nd3 Nd7 18. Ba5 Rfc8 19. Rad1 Rc6 20. b3 Bf6
21. Ne1 Be7 22. e4 Kf8 23. f4 Nf6 24. Kf3 Ne8 25. Nd3 Bd8 26. Bc3 Bc7 27. e5
Ke7 28. g4 Rd8 29. exd6+ Bxd6 30. Ne5 Ra6 31. g5 f6 32. Ng4 Bc7 33. gxf6+ gxf6
34. Nf2 Rxd2 35. Rxd2 Nd6 36. Ng4 Ne8 37. Rg2 Ba5 38. Bb2 Kf7 39. Bc1 Bc7 40.
Be3 Bd6 41. Nh6+ Ke7 42. f5 Rc6 43. h4 Be5 44. Rg8 exf5 45. Rh8 Nd6 46. Rxh7+
Ke8 47. Rxa7 Rc8 48. Ra6 Kd7 49. Bf4 Ke7 50. h5 Rb8 51. Bc1 Rh8 52. b4 Rc8 53.
bxc5 Nxc4 54. Nxf5+ Kf8 55. h6 Kf7 56. Ra7+ 1-0